Представление документа в формате RUSMARC

Поле Инд. ПП Название Значение
Тип записи a
Библиографический уровень s
001 Контрольный номер e60b6767c6c1433b8ebe1bdfe9ecc914
005 Дата корректировки 20220131162002.3
102 a Страна публикации RU
200 1_ a Заглавие Конституционное и муниципальное право
b Общее обозначение материала Текст
210 1_ d Дата издания 2014
801 _0 a Страна RU
b Организация РГУП
g Правила каталогизации PSBO
801 _1 a Страна RU
b Организация РГУП
g Правила каталогизации PSBO
901 t Тип документа u
905 a Дата ввода 20180918